000 00238nam a2200097Ia 4500
008 170619s9999 xx 000 0 und d
100 _aChauhan- D S
245 0 _aNon-Conventional energy resources
260 _bNew Delhi: New Age
260 _c2006
546 _aENGLISH
999 _c18196
_d18196